[Event "Zuerich op-B 36th"]
[Site "Zuerich"]
[Date "2012.12.28"]
[Round "4"]
[White "Schmid, Nicolas"]
[Black "Olimpiev, Alexey"]
[Result "0-1"]
[WhiteElo "1921"]
[BlackElo "2005"]
[PlyCount "36"]
[EventDate "2012.12.26"]
[EventType "swiss"]
[EventRounds "7"]
[EventCountry "SUI"]
[SourceTitle "EXT 2019"]
[Source "ChessBase"]
[SourceDate "2018.10.10"]
[SourceVersion "1"]
[SourceVersionDate "2018.10.10"]
[SourceQuality "1"]

1. e4 c5 2. Nf3 d6 3. d4 cxd4 4. Nxd4 Nf6 5. Nc3 Nc6 6. Bg5 Bd7 7. Qd2 Rc8 8. 0-0-0 Nxd4 9. Qxd4 Qa5 10. f4 Rxc3 11. bxc3 e5 12. Qd3 Ng4 13. Qf3 f6 14. Bc4 Qc5 15. Bb3 fxg5 16. fxe5 Nxe5 17. Qh5+ g6 18. Qxg5 Nd3+ 0-1